000 00651nam a22002050 4500
001 ocm9718938036
003 PILC
005 20150907071458.0
008 981107s1996
020 _a9718938036
_c171.0000
050 _aBF 1461
_b.R263 1996
100 1 _aRegis, Frank B.
245 1 4 _aThe ghost manual (healing of a soul) :
_beverything you've always wanted to know about ghosts but were very afraid to ask... /
_cJosef Frank B. Regis.
260 _aManila :
_bInterSelf Foundation,
_c1996.
300 _a162 pages ;
_c21 cm.
650 _aApparitions.
650 _aGhosts.
650 _aSpiritualism.
942 _2lcc
_cBK
999 _c288613
_d288613